[Event "Pan American Continental"]
[Site "Sao Paulo"]
[Date "2009.07.27"]
[Round "4"]
[White "Delgado Ramirez, Neuris"]
[Black "Matsuura, Everaldo"]
[Result "1/2-1/2"]
[WhiteElo "2574"]
[BlackElo "2491"]
[PlyCount "59"]
[EventDate "2009.07.25"]
[EventType "swiss"]
[EventRounds "11"]
[EventCountry "BRA"]
[SourceTitle "CBM 132 Extra"]
[Source "ChessBase"]
[SourceDate "2009.11.03"]
[SourceVersion "1"]
[SourceVersionDate "2009.11.03"]
[SourceQuality "1"]

1. e4 c5 2. Nf3 Nc6 3. Bb5 e6 4. Bxc6 bxc6 5. O-O Ne7 6. b3 Ng6 7. Bb2 f6 8. d4
d5 9. Nbd2 cxd4 10. Nxd4 c5 11. Nb5 Be7 12. exd5 exd5 13. c4 a6 14. Nc3 d4 15.
Nd5 O-O 16. Re1 Bd6 17. Ne4 Bb7 18. Ba3 Bxd5 19. cxd5 Rc8 20. Rc1 Nf4 21. b4 f5
22. Nxd6 Qxd6 23. Rxc5 Rxc5 24. bxc5 Qxd5 25. Qb3 Rd8 26. g3 Qxb3 27. axb3 Nd5
28. c6 Nc3 29. Re7 Rc8 30. c7 1/2-1/2

[Event "Pan American Continental"]
[Site "Sao Paulo"]
[Date "2009.07.28"]
[Round "5"]
[White "Flores Rios, Mauricio"]
[Black "Delgado Ramirez, Neuris"]
[Result "1-0"]
[WhiteElo "2482"]
[BlackElo "2574"]
[PlyCount "87"]
[EventDate "2009.07.25"]
[EventType "swiss"]
[EventRounds "11"]
[EventCountry "BRA"]
[SourceTitle "CBM 132 Extra"]
[Source "ChessBase"]
[SourceDate "2009.11.03"]
[SourceVersion "1"]
[SourceVersionDate "2009.11.03"]
[SourceQuality "1"]

1. e4 c5 2. Nf3 Nc6 3. d4 cxd4 4. Nxd4 Nf6 5. Nc3 d6 6. f3 e5 7. Nb3 Be7 8. Be3
O-O 9. Qd2 Be6 10. Nd5 Bxd5 11. exd5 Nb8 12. Be2 Nbd7 13. Na5 Qc7 14. c4 Nh5
15. b4 f5 16. O-O Rf6 17. Rfd1 Rg6 18. Rac1 b6 19. Nc6 Bh4 20. Bd3 Rf8 21. Qc2
e4 22. fxe4 f4 23. Bf2 f3 24. g3 Ne5 25. Nxe5 dxe5 26. Kf1 Bg5 27. Ke1 Qd7 28.
Bf1 Nf6 29. c5 Ng4 30. d6 bxc5 31. bxc5 Bxc1 32. c6 Qc8 33. Qxc1 Nxf2 34. Kxf2
Rh6 35. h3 Qb8 36. Qc4+ Kh8 37. Qb5 Qc8 38. Qc5 Rg8 39. d7 Qc7 40. d8=Q Rxd8
41. Rxd8+ Qxd8 42. c7 Qc8 43. Qe7 Rf6 44. Ba6 1-0

[Event "Pan American Continental"]
[Site "Sao Paulo"]
[Date "2009.07.30"]
[Round "7"]
[White "Blanco, Cristobal J"]
[Black "Delgado Ramirez, Neuris"]
[Result "1/2-1/2"]
[WhiteElo "2361"]
[BlackElo "2574"]
[PlyCount "103"]
[EventDate "2009.07.25"]
[EventType "swiss"]
[EventRounds "11"]
[EventCountry "BRA"]
[SourceTitle "CBM 132 Extra"]
[Source "ChessBase"]
[SourceDate "2009.11.03"]
[SourceVersion "1"]
[SourceVersionDate "2009.11.03"]
[SourceQuality "1"]

1. e4 c5 2. Nf3 Nc6 3. d4 cxd4 4. Nxd4 Nf6 5. Nc3 d6 6. h3 e5 7. Nxc6 bxc6 8.
Bc4 Be6 9. Qd3 Be7 10. Be3 d5 11. exd5 cxd5 12. Bb5+ Kf8 13. Bd2 Rb8 14. a4 Qd6
15. Na2 Ne4 16. Bb4 Nc5 17. Qd2 a6 18. Be2 Qc6 19. O-O Ne4 20. Qe1 Bxb4 21.
Nxb4 Qd6 22. Nxa6 Rxb2 23. Qa5 Ke7 24. Rab1 Rxb1 25. Rxb1 Rc8 26. Bd3 Kf6 27.
Qb4 Qxb4 28. Nxb4 Nc3 29. Ra1 Rb8 30. Na6 Ra8 31. a5 e4 32. Bf1 Bd7 33. Ra3 d4
34. Nc5 Bc6 35. a6 Ke5 36. Ra5 Bd5 37. Nd7+ Kd6 38. Nb6 Re8 39. a7 Ba8 40. Bc4
Kc7 41. Nxa8+ Rxa8 42. Bxf7 Kb6 43. Ra3 Rxa7 44. Rxa7 Kxa7 45. Kf1 Kb6 46. Ke1
Kc5 47. Kd2 Kd6 48. g3 Ke5 49. Be8 g6 50. Bd7 Kf6 51. h4 h6 52. h5 1/2-1/2

[Event "Pan American Continental"]
[Site "Sao Paulo"]
[Date "2009.08.01"]
[Round "9"]
[White "Tsuboi, Edson Kenji"]
[Black "Delgado Ramirez, Neuris"]
[Result "1-0"]
[WhiteElo "2399"]
[BlackElo "2574"]
[PlyCount "103"]
[EventDate "2009.07.25"]
[EventType "swiss"]
[EventRounds "11"]
[EventCountry "BRA"]
[SourceTitle "CBM 132 Extra"]
[Source "ChessBase"]
[SourceDate "2009.11.03"]
[SourceVersion "1"]
[SourceVersionDate "2009.11.03"]
[SourceQuality "1"]

1. e4 c5 2. Nf3 Nc6 3. d4 cxd4 4. Nxd4 Nf6 5. Nc3 d6 6. Bg5 Qa5 7. Bxf6 gxf6 8.
Nb3 Qg5 9. Nd5 Rb8 10. f4 Qg6 11. Qf3 f5 12. Bd3 fxe4 13. Bxe4 f5 14. Bd3 Bg7
15. c3 O-O 16. O-O e5 17. Bc2 e4 18. Qf2 Be6 19. Rad1 Qf7 20. Ne3 Rbd8 21. Rd2
a5 22. Rfd1 a4 23. Nc1 a3 24. bxa3 Qe7 25. Nd5 Bxd5 26. Rxd5 Bxc3 27. Ne2 Ba5
28. Bb3 Kh8 29. Ng3 e3 30. Qb2+ Qf6 31. Qxf6+ Rxf6 32. Kf1 Bd2 33. Ke2 Ne7 34.
Rd4 Rh6 35. Nf1 Ba5 36. Nxe3 Bb6 37. R4d3 Bc5 38. Kf3 b5 39. h3 Ra8 40. Re1
Rxa3 41. Nd5 Nc6 42. Re8+ Kg7 43. Ne7 Nxe7 44. Rxe7+ Kh8 45. Rf7 Re6 46. Rxf5
Re1 47. Rf8+ Kg7 48. Rf7+ Kg6 49. Rb7 Rf1+ 50. Ke4 Ra1 51. Rc3 Kh6 52. Rf7 1-0

[Event "Pan American-chT"]
[Site "Mendes"]
[Date "2009.08.09"]
[Round "1"]
[White "Sequera Paolini, Jose Rafael"]
[Black "Delgado Ramirez, Neuris"]
[Result "0-1"]
[WhiteElo "2398"]
[BlackElo "2574"]
[PlyCount "60"]
[EventDate "2009.08.09"]
[EventType "team-tourn"]
[EventRounds "5"]
[EventCountry "BRA"]
[SourceTitle "CBM 131 Extra"]
[Source "ChessBase"]
[SourceDate "2009.09.03"]
[SourceVersion "2"]
[SourceVersionDate "2009.09.16"]
[SourceQuality "1"]
[WhiteTeam "Venezuela"]
[BlackTeam "Cuba"]
[WhiteTeamCountry "VEN"]
[BlackTeamCountry "CUB"]

1. f4 d5 2. Nf3 Nf6 3. e3 g6 4. Be2 Bg7 5. O-O O-O 6. c3 c5 7. d4 Nc6 8. Ne5
Qb6 9. Nd2 Nd7 10. Nxd7 Bxd7 11. dxc5 Qxc5 12. Nb3 Qd6 13. Bf3 Be6 14. e4 dxe4
15. Qxd6 exd6 16. Bxe4 Rfe8 17. Bc2 a5 18. a4 Bc4 19. Rd1 d5 20. Bd2 d4 21. Re1
dxc3 22. Bxc3 Nb4 23. Bxb4 axb4 24. Nd2 Bd4+ 25. Kh1 Bd5 26. Ne4 b3 27. Bd3
Bxb2 28. Rad1 Bg7 29. Re2 b2 30. Rde1 Rec8 0-1

[Event "Pan American-chT"]
[Site "Mendes"]
[Date "2009.08.10"]
[Round "2"]
[White "Delgado Ramirez, Neuris"]
[Black "Castano, Duvan Martin"]
[Result "1-0"]
[WhiteElo "2574"]
[BlackElo "2337"]
[PlyCount "97"]
[EventDate "2009.08.09"]
[EventType "team-tourn"]
[EventRounds "5"]
[EventCountry "BRA"]
[SourceTitle "CBM 131 Extra"]
[Source "ChessBase"]
[SourceDate "2009.09.03"]
[SourceVersion "2"]
[SourceVersionDate "2009.09.16"]
[SourceQuality "1"]
[WhiteTeam "Cuba"]
[BlackTeam "Columbia"]
[WhiteTeamCountry "CUB"]
[BlackTeamCountry "COL"]

1. e4 c5 2. Nc3 e6 3. Nge2 d6 4. g3 a6 5. Bg2 Qc7 6. O-O Nf6 7. h3 Be7 8. d3
Nc6 9. f4 O-O 10. g4 Re8 11. g5 Nd7 12. Ng3 g6 13. h4 Bf8 14. h5 Bg7 15. Nce2
Nd4 16. f5 Nxe2+ 17. Nxe2 exf5 18. exf5 Nb6 19. hxg6 hxg6 20. f6 Bf8 21. Nc3 d5
22. Bf4 Bd6 23. Qd2 Bxf4 24. Rxf4 Qe5 25. Rh4 Qg3 26. Qf4 Qxf4 27. Rxf4 Re5 28.
Kf2 Kf8 29. Rh4 Rf5+ 30. Ke2 Re5+ 31. Kd2 Ke8 32. Re1 Rxe1 33. Kxe1 Be6 34.
Bxd5 Kd7 35. Bxb7 Ra7 36. Be4 Kd6 37. Rh8 Ke5 38. Rb8 Nd7 39. Re8 Kf4 40. Bd5
Bf5 41. Re7 Kxg5 42. Rxf7 Rc7 43. Ne4+ Kf4 44. Re7 Rc8 45. Nd6 Rd8 46. f7 Nf8
47. Re8 Rxd6 48. Rxf8 Rxd5 49. Re8 1-0

[Event "Pan American-chT"]
[Site "Mendes"]
[Date "2009.08.11"]
[Round "3"]
[White "Tristan, Leonardo"]
[Black "Delgado Ramirez, Neuris"]
[Result "0-1"]
[WhiteElo "2393"]
[BlackElo "2574"]
[PlyCount "120"]
[EventDate "2009.08.09"]
[EventType "team-tourn"]
[EventRounds "5"]
[EventCountry "BRA"]
[SourceTitle "CBM 131 Extra"]
[Source "ChessBase"]
[SourceDate "2009.09.03"]
[SourceVersion "2"]
[SourceVersionDate "2009.09.16"]
[SourceQuality "1"]
[WhiteTeam "Argentina"]
[BlackTeam "Cuba"]
[WhiteTeamCountry "ARG"]
[BlackTeamCountry "CUB"]

1. e4 c5 2. Nc3 Nc6 3. Bb5 Nd4 4. Bc4 e6 5. Nge2 Nf6 6. O-O a6 7. d3 b5 8. Bb3
Nc6 9. Ng3 Be7 10. Re1 d6 11. a4 Rb8 12. axb5 axb5 13. Nce2 Na5 14. Ba2 O-O 15.
d4 Qc7 16. c3 c4 17. Nf4 g6 18. Qf3 Nc6 19. Bb1 Bd7 20. Nh3 e5 21. d5 Bg4 22.
Qe3 Na5 23. Bc2 Bd7 24. Bd2 Ra8 25. Ra3 Nb7 26. Rea1 Rxa3 27. Rxa3 Nc5 28. Qf3
Bg4 29. Qe3 Qb7 30. Qe1 Bd8 31. Ng5 Bb6 32. h3 Bd7 33. Be3 Ne8 34. Qb1 Ng7 35.
Nf3 f5 36. exf5 Nxf5 37. Nxf5 Bxf5 38. Bxf5 Rxf5 39. Nh4 Rf6 40. Bg5 Rf7 41.
Nxg6 Nd3 42. Ne7+ Rxe7 43. Bxe7 Qxe7 44. Ra8+ Kg7 45. Qd1 Bxf2+ 46. Kh2 Qg5 47.
Qf3 Qf4+ 48. Qxf4 exf4 49. Rb8 Nxb2 50. Rxb5 Nd1 51. Rb4 Nxc3 52. Rxc4 Nxd5 53.
Re4 Kf6 54. Re8 Kf5 55. Rd8 Ke6 56. Re8+ Kf7 57. Re2 Bg3+ 58. Kg1 Ne3 59. Ra2
h5 60. Ra7+ Kf6 0-1

[Event "Bogota op 4th"]
[Site "Bogota"]
[Date "2009.10.29"]
[Round "1"]
[White "Delgado Ramirez, Neuris"]
[Black "Sanabria Rangel, Sergio Andres"]
[Result "0-1"]
[WhiteElo "2574"]
[BlackElo "2187"]
[PlyCount "98"]
[EventDate "2009.10.29"]
[EventType "swiss"]
[EventRounds "9"]
[EventCountry "COL"]
[SourceTitle "EXT 2010"]
[Source "ChessBase"]
[SourceDate "2010.11.25"]
[SourceVersion "1"]
[SourceVersionDate "2010.11.25"]
[SourceQuality "1"]

1. e4 d5 2. exd5 Qxd5 3. Nf3 Nf6 4. d4 Bg4 5. Be2 c6 6. c4 Qa5+ 7. Nc3 Nbd7 8.
h3 Bxf3 9. Bxf3 e5 10. O-O Bb4 11. d5 Bxc3 12. dxc6 bxc6 13. Bxc6 Rc8 14. Bxd7+
Nxd7 15. bxc3 Nc5 16. Qd5 O-O 17. Qxe5 Rfe8 18. Qh5 Qa4 19. Be3 Qxc4 20. Rfd1
Ne4 21. Rd4 Qe6 22. c4 Nd6 23. Qd1 Nf5 24. Rd3 Qa6 25. Qb3 h6 26. Rc1 Nxe3 27.
fxe3 Rc5 28. Rd7 Rg5 29. c5 Qg6 30. Qc2 Qc6 31. Rd6 Qc7 32. e4 Ree5 33. Rd5
Rxd5 34. exd5 Rxd5 35. c6 Rd6 36. Kh1 a5 37. Qe4 Rd2 38. a4 Rd8 39. Qf5 Kh8 40.
Qb5 Rb8 41. Qa6 Kg8 42. Re1 Rb4 43. Re8+ Kh7 44. Qd3+ g6 45. Qf1 Rb2 46. Qc1
Rb3 47. Qa1 Rxh3+ 48. gxh3 Qxc6+ 49. Kh2 Qxe8 0-1

[Event "Bogota op 4th"]
[Site "Bogota"]
[Date "2009.10.30"]
[Round "2"]
[White "Camargo, Santiago"]
[Black "Delgado Ramirez, Neuris"]
[Result "0-1"]
[WhiteElo "2050"]
[BlackElo "2574"]
[PlyCount "50"]
[EventDate "2009.10.29"]
[EventType "swiss"]
[EventRounds "9"]
[EventCountry "COL"]
[SourceTitle "EXT 2010"]
[Source "ChessBase"]
[SourceDate "2010.11.25"]
[SourceVersion "1"]
[SourceVersionDate "2010.11.25"]
[SourceQuality "1"]

1. e4 c5 2. Nf3 Nc6 3. d4 cxd4 4. Nxd4 Nf6 5. Nc3 d6 6. f3 e5 7. Nb3 Be7 8. Be3
O-O 9. Qd2 Be6 10. O-O-O a5 11. a4 Nb4 12. g4 Rc8 13. Kb1 d5 14. g5 Ne8 15.
exd5 Bf5 16. Rc1 Nd6 17. h4 b5 18. Bd3 Nxd3 19. cxd3 Nc4 20. Qe2 Nxe3 21. Qxe3
bxa4 22. Nxa4 Qxd5 23. Nbc5 Rb8 24. Rhd1 Rb4 25. Ka1 Be6 0-1

[Event "Bogota op 4th"]
[Site "Bogota"]
[Date "2009.10.31"]
[Round "4"]
[White "Delgado Ramirez, Neuris"]
[Black "Zuluaga Mancilla, Cesar"]
[Result "1-0"]
[WhiteElo "2574"]
[BlackElo "2303"]
[PlyCount "59"]
[EventDate "2009.10.29"]
[EventType "swiss"]
[EventRounds "9"]
[EventCountry "COL"]
[SourceTitle "EXT 2010"]
[Source "ChessBase"]
[SourceDate "2010.11.25"]
[SourceVersion "1"]
[SourceVersionDate "2010.11.25"]
[SourceQuality "1"]

1. e4 c5 2. Nf3 e6 3. d4 cxd4 4. Nxd4 a6 5. Nc3 Qc7 6. f4 Bb4 7. Bd2 Nc6 8. Nb3
Nf6 9. Qf3 d6 10. O-O-O Na5 11. Kb1 Nxb3 12. cxb3 Ba5 13. b4 Bb6 14. g4 O-O 15.
g5 Nd7 16. h4 Re8 17. h5 Nf8 18. g6 fxg6 19. hxg6 hxg6 20. Rc1 Qd8 21. Bc4 Bd7
22. f5 gxf5 23. Qxf5 Bd4 24. Rcf1 Bf6 25. Qh3 Rc8 26. Qh8+ Kf7 27. Rhg1 Ng6 28.
Qh5 Rg8 29. Qxg6+ Kf8 30. Bh6 1-0

[Event "Bogota op 4th"]
[Site "Bogota"]
[Date "2009.10.31"]
[Round "5"]
[White "Castro Rojas, Oscar Humberto"]
[Black "Delgado Ramirez, Neuris"]
[Result "1/2-1/2"]
[WhiteElo "2369"]
[BlackElo "2574"]
[PlyCount "27"]
[EventDate "2009.10.29"]
[EventType "swiss"]
[EventRounds "9"]
[EventCountry "COL"]
[SourceTitle "EXT 2010"]
[Source "ChessBase"]
[SourceDate "2010.11.25"]
[SourceVersion "1"]
[SourceVersionDate "2010.11.25"]
[SourceQuality "1"]

1. d4 Nf6 2. c4 e6 3. Nf3 d5 4. Nc3 c5 5. cxd5 cxd4 6. Qxd4 Nxd5 7. Nxd5 exd5
8. Bg5 f6 9. Bd2 Nc6 10. Qa4 Qb6 11. Bc3 Bd7 12. e3 Bc5 13. Qd1 O-O-O 14. Be2
1/2-1/2

[Event "Bogota op 4th"]
[Site "Bogota"]
[Date "2009.11.01"]
[Round "6"]
[White "Delgado Ramirez, Neuris"]
[Black "Perez Garcia, Rodney Oscar"]
[Result "1-0"]
[WhiteElo "2574"]
[BlackElo "2446"]
[PlyCount "97"]
[EventDate "2009.10.29"]
[EventType "swiss"]
[EventRounds "9"]
[EventCountry "COL"]
[SourceTitle "EXT 2010"]
[Source "ChessBase"]
[SourceDate "2010.11.25"]
[SourceVersion "1"]
[SourceVersionDate "2010.11.25"]
[SourceQuality "1"]

1. e4 e5 2. Nf3 Nf6 3. d4 Nxe4 4. dxe5 d5 5. Nbd2 Nxd2 6. Qxd2 Be7 7. Qf4 O-O
8. Bd3 Nd7 9. Qg3 Kh8 10. Be3 Nc5 11. Bxc5 Bxc5 12. O-O-O f5 13. Nd2 f4 14. Qf3
Qg5 15. Qxd5 Bxf2 16. h4 Qe7 17. Qf3 Be3 18. Kb1 Be6 19. Rhe1 c6 20. Ne4 Bd5
21. c4 Bg8 22. Ng5 Qxe5 23. Qh5 Qe8 24. Qf3 Rd8 25. g3 Rxd3 26. Rxd3 Qg6 27.
Ne4 h5 28. Ka1 Re8 29. Ng5 Bxc4 30. Rd6 Bc5 31. Rdd1 Rxe1 32. Rxe1 fxg3 33.
Qxg3 Bg8 34. Qb8 Qf5 35. Qd8 Bb6 36. Qd1 g6 37. Re7 Qd5 38. Qb1 Bd4 39. Rxb7 a5
40. Ne4 Bf7 41. Nc3 Qe6 42. Ne4 Qd5 43. Rb8+ Kg7 44. Ng5 Bg8 45. Ra8 Bf6 46.
Ra7+ Kh8 47. Ne4 Bxh4 48. Nc3 Qe5 49. Qxg6 1-0

[Event "Bogota op 4th"]
[Site "Bogota"]
[Date "2009.11.01"]
[Round "7"]
[White "Delgado Ramirez, Neuris"]
[Black "Mendoza, Rafael Enrique"]
[Result "1-0"]
[WhiteElo "2574"]
[BlackElo "2317"]
[PlyCount "39"]
[EventDate "2009.10.29"]
[EventType "swiss"]
[EventRounds "9"]
[EventCountry "COL"]
[SourceTitle "EXT 2010"]
[Source "ChessBase"]
[SourceDate "2010.11.25"]
[SourceVersion "1"]
[SourceVersionDate "2010.11.25"]
[SourceQuality "1"]

1. e4 e5 2. Nf3 Nc6 3. Bb5 a6 4. Ba4 Nf6 5. Qe2 b5 6. Bb3 Be7 7. c3 O-O 8. O-O
d5 9. d3 Bb7 10. Re1 Re8 11. Bg5 Qc8 12. Bh4 Nh5 13. Bg3 Nxg3 14. hxg3 Bf8 15.
Nh4 Na5 16. Bc2 c5 17. b3 Qe6 18. Nf5 Rad8 19. Ne3 b4 20. cxb4 1-0

[Event "Bogota op 4th"]
[Site "Bogota"]
[Date "2009.11.02"]
[Round "8"]
[White "Barrientos Chavarriaga, Sergio E"]
[Black "Delgado Ramirez, Neuris"]
[Result "0-1"]
[WhiteElo "2468"]
[BlackElo "2574"]
[PlyCount "69"]
[EventDate "2009.10.29"]
[EventType "swiss"]
[EventRounds "9"]
[EventCountry "COL"]
[SourceTitle "EXT 2010"]
[Source "ChessBase"]
[SourceDate "2010.11.25"]
[SourceVersion "1"]
[SourceVersionDate "2010.11.25"]
[SourceQuality "1"]

1. e4 c5 2. Nf3 Nc6 3. d4 cxd4 4. Nxd4 Nf6 5. Nc3 d6 6. Bg5 e6 7. Qd2 Be7 8.
O-O-O O-O 9. f4 Nxd4 10. Qxd4 Qa5 11. e5 dxe5 12. Qxe5 Qb6 13. Na4 Qc6 14. Bb5
Nd7 15. Bxc6 Nxe5 16. Bxe7 Nxc6 17. Bxf8 Kxf8 18. Rd6 Ke7 19. Rhd1 h6 20. a3 g5
21. g3 gxf4 22. gxf4 Kf6 23. Nc3 Kf5 24. Rg1 Kxf4 25. Nb5 f5 26. Rg8 Rb8 27.
Rxc6 bxc6 28. Nxa7 Ke3 29. Re8 f4 30. Nxc8 Kf2 31. Kd2 f3 32. Nd6 Rxe8 33. Nxe8
Kg2 34. Ng7 f2 35. Nh5 0-1

[Event "Bogota op 4th"]
[Site "Bogota"]
[Date "2009.11.02"]
[Round "9"]
[White "Delgado Ramirez, Neuris"]
[Black "Zapata, Alonso"]
[Result "1/2-1/2"]
[WhiteElo "2574"]
[BlackElo "2536"]
[PlyCount "30"]
[EventDate "2009.10.29"]
[EventType "swiss"]
[EventRounds "9"]
[EventCountry "COL"]
[SourceTitle "EXT 2010"]
[Source "ChessBase"]
[SourceDate "2010.11.25"]
[SourceVersion "1"]
[SourceVersionDate "2010.11.25"]
[SourceQuality "1"]

1. e4 c5 2. Nf3 e6 3. Nc3 a6 4. g3 b5 5. Bg2 Bb7 6. d3 d6 7. O-O Be7 8. e5 Nd7
9. exd6 Bxd6 10. a4 bxa4 11. Ne4 Be7 12. Nfd2 Nb6 13. Nd6+ Qxd6 14. Bxb7 Ra7
15. Bg2 Nf6 1/2-1/2

[Event "CUB-ch 46th"]
[Site "Ciego de Avila"]
[Date "2010.01.13"]
[Round "1"]
[White "Delgado Ramirez, Neuris"]
[Black "Arencibia Rodriguez, Walter"]
[Result "1/2-1/2"]
[WhiteElo "2574"]
[BlackElo "2516"]
[PlyCount "142"]
[EventDate "2010.01.13"]
[EventType "swiss"]
[EventRounds "9"]
[EventCountry "CUB"]
[SourceTitle "CBM 134 Extra"]
[Source "ChessBase"]
[SourceDate "2010.03.03"]
[SourceVersion "1"]
[SourceVersionDate "2010.03.03"]
[SourceQuality "1"]

1. e4 c5 2. Nf3 e6 3. d4 cxd4 4. Nxd4 a6 5. f4 b5 6. Bd3 Bb7 7. Qe2 Bc5 8. Be3
Qb6 9. c3 Nc6 10. Nc2 e5 11. Nd2 Nf6 12. O-O-O O-O 13. f5 b4 14. Nc4 Bxe3+ 15.
Qxe3 Qxe3+ 16. N2xe3 bxc3 17. bxc3 Na7 18. Nd6 Bc6 19. Bxa6 Nxe4 20. Nxe4 Bxe4
21. Bc4 Nc8 22. Bb3 Nb6 23. Rhe1 Rfc8 24. Nc4 Nxc4 25. Rxe4 Nb6 26. Kc2 Ra5 27.
Rd6 Rc6 28. Rxc6 dxc6 29. Rb4 Rb5 30. a4 Rxb4 31. cxb4 Kf8 32. a5 Nc8 33. Kd3
Ke7 34. Kc4 Kd6 35. b5 cxb5+ 36. Kxb5 f6 37. Be6 Kc7 38. Kc5 Nd6 39. Bd5 Nb7+
40. Kb4 Nd6 41. g4 h5 42. h3 hxg4 43. hxg4 Nc8 44. Kc5 Nd6 45. a6 Nc8 46. Bf3
Na7 47. Bb7 Nc8 48. Bg2 Kd7 49. Be4 Kc7 50. Kd5 Kd7 51. Bg2 Nb6+ 52. Kc5 Nc8
53. Bc6+ Kc7 54. Bb5 Ne7 55. Bd3 Nc6 56. Be4 Na7 57. Kd5 Kd7 58. Bd3 Nc8 59.
Bb5+ Kc7 60. Ke6 e4 61. Bf1 e3 62. Kf7 Nd6+ 63. Kxg7 Ne4 64. Kf7 Kb6 65. Be2
Ka7 66. Ke7 Kb6 67. Ke6 Ka7 68. g5 fxg5 69. Ke5 Ng3 70. Bd3 Nh5 71. Ke4 Ng3+
1/2-1/2

[Event "CUB-ch 46th"]
[Site "Ciego de Avila"]
[Date "2010.01.15"]
[Round "3"]
[White "Delgado Ramirez, Neuris"]
[Black "Quesada Perez, Yasser"]
[Result "1-0"]
[WhiteElo "2574"]
[BlackElo "2423"]
[PlyCount "89"]
[EventDate "2010.01.13"]
[EventType "swiss"]
[EventRounds "9"]
[EventCountry "CUB"]
[SourceTitle "CBM 134 Extra"]
[Source "ChessBase"]
[SourceDate "2010.03.03"]
[SourceVersion "1"]
[SourceVersionDate "2010.03.03"]
[SourceQuality "1"]

1. e4 c5 2. Nf3 d6 3. d4 cxd4 4. Nxd4 Nf6 5. Nc3 a6 6. h3 e6 7. g4 b5 8. Bg2
Bb7 9. O-O Nc6 10. Re1 Nxd4 11. Qxd4 e5 12. Qd3 Be7 13. a4 b4 14. Nd5 Nxd5 15.
exd5 O-O 16. a5 f5 17. Ra4 e4 18. Qb3 Bc8 19. Qxb4 Bh4 20. Be3 Qf6 21. gxf5
Bxf5 22. Qd2 Qg6 23. Kh1 Bf6 24. Bd4 Bg5 25. Qe2 Qh6 26. Qf1 Bxh3 27. Bxh3 Rf3
28. Ra3 e3 29. Raxe3 Bxe3 30. Rxe3 Raf8 31. Rxf3 Rxf3 32. Kh2 Qf4+ 33. Kg2 Qe4
34. Bb6 Rc3+ 35. Kg1 Rxc2 36. Bg2 Qe5 37. Be3 Rxb2 38. Qxa6 Rb1+ 39. Bf1 Qxd5
40. Qc8+ Kf7 41. a6 Qd3 42. Qh3 Qg6+ 43. Kh2 Qe6 44. Qh5+ Ke7 45. a7 1-0

[Event "CUB-ch 46th"]
[Site "Ciego de Avila"]
[Date "2010.01.16"]
[Round "4"]
[White "Quesada Perez, Yuniesky"]
[Black "Delgado Ramirez, Neuris"]
[Result "1-0"]
[WhiteElo "2584"]
[BlackElo "2574"]
[PlyCount "45"]
[EventDate "2010.01.13"]
[EventType "swiss"]
[EventRounds "9"]
[EventCountry "CUB"]
[SourceTitle "CBM 134 Extra"]
[Source "ChessBase"]
[SourceDate "2010.03.03"]
[SourceVersion "1"]
[SourceVersionDate "2010.03.03"]
[SourceQuality "1"]

1. e4 c5 2. Nf3 d6 3. d4 cxd4 4. Nxd4 Nf6 5. Nc3 Nc6 6. Bg5 Bd7 7. Qd2 h6 8.
Bxf6 gxf6 9. O-O-O Nxd4 10. Qxd4 Qa5 11. Bc4 Rc8 12. Bb3 Qc5 13. Qd2 Bg7 14.
Rhe1 a5 15. Re3 b5 16. Rg3 Bf8 17. a4 bxa4 18. Bxa4 e6 19. f4 Qb4 20. Bxd7+
Kxd7 21. Qf2 Rb8 22. Na4 Rd8 23. Rd4 1-0

[Event "CUB-ch 46th"]
[Site "Ciego de Avila"]
[Date "2010.01.16"]
[Round "5"]
[White "Delgado Ramirez, Neuris"]
[Black "Gomez Garrido, Camilo Ernesto"]
[Result "1/2-1/2"]
[WhiteElo "2574"]
[BlackElo "2461"]
[PlyCount "80"]
[EventDate "2010.01.13"]
[EventType "swiss"]
[EventRounds "9"]
[EventCountry "CUB"]
[SourceTitle "CBM 134 Extra"]
[Source "ChessBase"]
[SourceDate "2010.03.03"]
[SourceVersion "1"]
[SourceVersionDate "2010.03.03"]
[SourceQuality "1"]

1. e4 c5 2. Nf3 d6 3. c3 Nf6 4. h3 Bd7 5. Bd3 Nc6 6. O-O g5 7. Be2 Rg8 8. d4 g4
9. hxg4 Bxg4 10. d5 Nb8 11. Bf4 Nbd7 12. Nbd2 Nh5 13. Be3 Nhf6 14. Ng5 h6 15.
Bxg4 Nxg4 16. Qxg4 hxg5 17. Qf5 g4 18. a4 Nf6 19. Rfb1 Qd7 20. Qxd7+ Nxd7 21.
b4 Bg7 22. bxc5 Bxc3 23. Ra2 Nxc5 24. Bxc5 dxc5 25. Rxb7 g3 26. Nf3 Rg4 27. Rc2
Ba5 28. Rc4 f6 29. fxg3 Rd8 30. Rxa7 Bb4 31. Nh4 Rxd5 32. exd5 Rxc4 33. Nf5
Rc1+ 34. Kf2 c4 35. Rc7 c3 36. Ne3 Ba5 37. Rc6 Ra1 38. Rc4 Bb6 39. Kf3 Bxe3 40.
Kxe3 c2 1/2-1/2

[Event "CUB-ch 46th"]
[Site "Ciego de Avila"]
[Date "2010.01.18"]
[Round "6"]
[White "Ortiz Suarez, Isan Reynaldo"]
[Black "Delgado Ramirez, Neuris"]
[Result "1/2-1/2"]
[WhiteElo "2504"]
[BlackElo "2574"]
[PlyCount "106"]
[EventDate "2010.01.13"]
[EventType "swiss"]
[EventRounds "9"]
[EventCountry "CUB"]
[SourceTitle "CBM 134 Extra"]
[Source "ChessBase"]
[SourceDate "2010.03.03"]
[SourceVersion "1"]
[SourceVersionDate "2010.03.03"]
[SourceQuality "1"]

1. e4 c5 2. Nf3 d6 3. d4 cxd4 4. Nxd4 Nf6 5. Nc3 a6 6. Be3 e5 7. Nb3 Be7 8. Qd2
Ng4 9. g3 Nxe3 10. Qxe3 Bg5 11. f4 exf4 12. gxf4 Bh4+ 13. Kd2 Nc6 14. Rd1 Bg4
15. Be2 Bxe2 16. Qxe2 Bf6 17. e5 dxe5+ 18. Kc1 Qc8 19. Nd5 Bd8 20. fxe5 Qf5 21.
Rde1 Bg5+ 22. Kb1 O-O-O 23. Rhf1 Qe6 24. Nb6+ Kc7 25. Nc4 Bh4 26. Nd6 Rhf8 27.
Nxb7 Bxe1 28. Nxd8 Rxd8 29. Rxe1 Rd5 30. Qxa6 Rxe5 31. Rc1 Re1 32. a4 Rxc1+ 33.
Nxc1 f5 34. a5 Qe3 35. Nd3 f4 36. Qb6+ Qxb6 37. axb6+ Kxb6 38. Nxf4 g5 39. Nd5+
Kb5 40. Nf6 h6 41. h3 Ne5 42. c3 Nd3 43. Ng4 h5 44. Nf6 Nf4 45. Kc2 h4 46. Ng4
Nxh3 47. Kd3 Nf4+ 48. Kd4 Ne2+ 49. Kd5 Nf4+ 50. Kd4 Ne2+ 51. Ke3 Nf4 52. b3 h3
53. Nh2 Kc5 1/2-1/2

[Event "CUB-ch 46th"]
[Site "Ciego de Avila"]
[Date "2010.01.19"]
[Round "7"]
[White "Delgado Ramirez, Neuris"]
[Black "Martinez Duany, Lelys Stanley"]
[Result "0-1"]
[WhiteElo "2574"]
[BlackElo "2507"]
[PlyCount "90"]
[EventDate "2010.01.13"]
[EventType "swiss"]
[EventRounds "9"]
[EventCountry "CUB"]
[SourceTitle "CBM 134 Extra"]
[Source "ChessBase"]
[SourceDate "2010.03.03"]
[SourceVersion "1"]
[SourceVersionDate "2010.03.03"]
[SourceQuality "1"]

1. e4 c5 2. Nf3 Nc6 3. Bb5 g6 4. O-O Bg7 5. Re1 Nf6 6. e5 Nd5 7. Nc3 Nc7 8.
Bxc6 dxc6 9. Ne4 Ne6 10. d3 h6 11. Be3 b6 12. Qd2 g5 13. h3 Rg8 14. Ng3 Bh8 15.
b4 cxb4 16. Qxb4 Rg6 17. a4 c5 18. Qe4 Rb8 19. a5 Bb7 20. Qg4 b5 21. Ne4 Qc7
22. a6 Bc8 23. Qg3 Rb6 24. Ra5 Rb8 25. Bd2 Kf8 26. h4 g4 27. h5 Rg8 28. Bxh6+
Bg7 29. Bxg7+ Nxg7 30. Raa1 Nf5 31. Qf4 gxf3 32. g4 Rb6 33. Ng5 Rh6 34. Kf1 f6
35. Nf7 Rxg4 36. Qxg4 Ne3+ 37. Rxe3 Bxg4 38. Nxh6 Bh3+ 39. Kg1 Kg7 40. Rae1
Kxh6 41. Rxf3 Bg4 42. Rg3 f5 43. f3 Bxh5 44. Kf2 Qa5 45. Re2 Qxa6 0-1